00662nam a2200181 a 450000100060000000300090000600800410001502000150005604000280007108200170009910001280011624500890024426000380033330000110037149000370038265000460041965000150046518987CO-ViMGA141112s2004 ck r 000 u spa d a8488876289 aCO-ViMGAbspacCO-ViMGA04a610.73 B172q1 aBarco Fernández, Vicente; Flores Bienert, Maria Dolores; Espín Abellán, Catalina; Paredes Sidrach de Cardona, Antonio10a500 test comentados de legislación y administración de servicios en enfermería aMadrid : bOlalla ediciones; 1997 a141 p. aAutoevaluación en enfermería14aADMINISTRACION DE SERVICIOS DE ENFERMERIA14aENFERMERIA